000 01456nam0a2200301 4500
001 RU\NLR\BIBL_A\011694828
005 20181101154450.0
010 _a978-5-94512-132-4
_95000
021 _aRU
_bКН-П-18-024916
_9КН-П-18-1819
035 _a(NLR Aleph) 011694828
035 _a(RuMoRGB)009592719
090 _a11358149
_c11358149
100 _a20180508d2018 u y0rusy50 ca
101 0 _arus
102 _aRU
105 _aac||z|||000zb
200 1 _aКогда Отец берёт за руку
_eжитие священномученика Константина Меркушинского для детей
210 _aЕкатеринбург
_cАлександро-Невский Ново-Тихвинский женский монастырь
_d2018
215 _a62, [2] с.
_cцв. ил., портр.
_d28
600 0 _aКонстантин Меркушинский
_cБогоявленский, Константин Стефанович
_cсвященномученик
_f1896 - 1918
_jИздания для детей
_92385429
_3RU\NLR\AUTH\6601643665
686 0 _aШ9
_bЭ
702 0 _4570
_7ca
_8rus
_aКонстантин Меркушинский
_cБогоявленский, Константин Стефанович
_cсвященномученик
_f1896-1918
_9190462
_3RU\NLR\AUTH\770190513
942 _cBOOK
980 _aNBR
980 _aNB